00952pab a2200181 454500008004000000100002100040245004600061260000900107300001300116362001000129520039000139650004800529650002800577773003400605909001000639999001700649952010400666180718b2001 xxu||||| |||| 00| 0 eng d aNavlakha, Gautam aCeasefire in Kashmir: some critical issue c2001 ap.726-28 a3 Mar aThe ceasefire in Kashmir can only be seen as a beginning of a long process that will have to be based most importantly on a comprehensive understanding of the political aspirations of the people of the entire state. The need of the hour is to acknowledge and sincerely attempt to involve the other forces that have a legitimate say in the resolution of the Kashmir issue. - Reproduced aJammu and Kashmir - Politics and government aPolitics and government aEconomic and Political Weekly a47809 c47809d47809 00104070aIIPAbIIPAd2018-07-19hVolume no: 36, Issue no: 9pAR48237r2018-07-19w2018-07-19yAR